000201304 001__ 201304
000201304 005__ 20230317222328.0
000201304 0247_ $$2doi$$a10.1080/00107514.2016.1156753
000201304 0247_ $$2ISSN$$a0010-7514
000201304 0247_ $$2ISSN$$a1366-5812
000201304 037__ $$aGSI-2017-00550
000201304 041__ $$aEnglish
000201304 082__ $$a530
000201304 1001_ $$0P:(DE-Ds200)OR1334$$aVogel, Manuel$$b0$$ugsi
000201304 245__ $$aThermodynamics, kinetics, and microphysics of clouds, by V.I. Khvorostyanov and J.A. Curry
000201304 260__ $$aLondon [u.a.]$$bTaylor and Francis$$c2016
000201304 29510 $$aThermodynamics, kinetics, and microphysics of clouds, by V.I. Khvorostyanov and J.A. Curry, Cambridge University Press, 2014
000201304 3367_ $$2DataCite$$aOutput Types/Book Review
000201304 3367_ $$0PUB:(DE-HGF)36$$2PUB:(DE-HGF)$$aReview$$breview$$mreview$$s1502799062_18738
000201304 3367_ $$2ORCID$$aBOOK_REVIEW
000201304 3367_ $$0PUB:(DE-HGF)3$$2PUB:(DE-HGF)$$aBook$$mbook
000201304 3367_ $$2DRIVER$$areview
000201304 3367_ $$0PUB:(DE-HGF)16$$2PUB:(DE-HGF)$$aJournal Article$$mjournal
000201304 3367_ $$2BibTeX$$aARTICLE
000201304 3367_ $$00$$2EndNote$$aJournal Article
000201304 536__ $$0G:(DE-HGF)POF3-6211$$a6211 - Extreme States of Matter: From Cold Ions to Hot Plasmas (POF3-621)$$cPOF3-621$$fPOF III$$x0
000201304 588__ $$aDataset connected to CrossRef
000201304 773__ $$0PERI:(DE-600)2001829-0$$a10.1080/00107514.2016.1156753$$gVol. 57, no. 2, p. 271 - 271$$n2$$p271 - 271$$tContemporary physics$$v57$$x1366-5812$$y2016
000201304 909CO $$ooai:repository.gsi.de:201304$$pVDB
000201304 9101_ $$0I:(DE-Ds200)20121206GSI$$6P:(DE-Ds200)OR1334$$aGSI Helmholtzzentrum für Schwerionenforschung GmbH$$b0$$kGSI
000201304 9131_ $$0G:(DE-HGF)POF3-621$$1G:(DE-HGF)POF3-620$$2G:(DE-HGF)POF3-600$$3G:(DE-HGF)POF3$$4G:(DE-HGF)POF$$9G:(DE-HGF)POF3-6211$$aDE-HGF$$bForschungsbereich Materie$$lVon Materie zu Materialien und Leben$$vIn-house research on the structure, dynamics and function of matter$$x0
000201304 9141_ $$y2016
000201304 915__ $$0StatID:(DE-HGF)0420$$2StatID$$aNationallizenz
000201304 915__ $$0StatID:(DE-HGF)0100$$2StatID$$aJCR$$bCONTEMP PHYS : 2015
000201304 915__ $$0StatID:(DE-HGF)0200$$2StatID$$aDBCoverage$$bSCOPUS
000201304 915__ $$0StatID:(DE-HGF)0300$$2StatID$$aDBCoverage$$bMedline
000201304 915__ $$0StatID:(DE-HGF)0600$$2StatID$$aDBCoverage$$bEbsco Academic Search
000201304 915__ $$0StatID:(DE-HGF)0030$$2StatID$$aPeer Review$$bASC
000201304 915__ $$0StatID:(DE-HGF)0199$$2StatID$$aDBCoverage$$bThomson Reuters Master Journal List
000201304 915__ $$0StatID:(DE-HGF)0110$$2StatID$$aWoS$$bScience Citation Index
000201304 915__ $$0StatID:(DE-HGF)0150$$2StatID$$aDBCoverage$$bWeb of Science Core Collection
000201304 915__ $$0StatID:(DE-HGF)0111$$2StatID$$aWoS$$bScience Citation Index Expanded
000201304 915__ $$0StatID:(DE-HGF)1150$$2StatID$$aDBCoverage$$bCurrent Contents - Physical, Chemical and Earth Sciences
000201304 920__ $$lyes
000201304 9201_ $$0I:(DE-Ds200)ATP-20051214OR020$$kATP$$lAtomphysik$$x0
000201304 9201_ $$0I:(DE-Ds200)HIJ-20110223OR115$$kHIJ$$lHI Jena$$x1
000201304 980__ $$areview
000201304 980__ $$aVDB
000201304 980__ $$abook
000201304 980__ $$ajournal
000201304 980__ $$aI:(DE-Ds200)20110830OR020
000201304 980__ $$aI:(DE-Ds200)ATP-20051214OR020
000201304 980__ $$aI:(DE-Ds200)20120319OR115
000201304 980__ $$aI:(DE-Ds200)HIJ-20110223OR115
000201304 980__ $$aUNRESTRICTED